000
00256nmm a2200097Ia 4500
008
220120s9999||||xx |||||||||||||||||und||
082
_a
00 4 MUE
100
_a
Mueller, John Paul
245
0
_a
Windows 2000, com+MTS and MSMQ programming bible
260
_c
2000
999
_c
138819
_d
138819